Alle 61 Gemeinden von Albanien - Statistiken

Allgemein
  • Dieses Quiz wurde 15 mal gespielt
  • Das Durchschnittsergebnis liegt bei 13 aus 61
Antwortstatistiken
Hilfe Gemeinde 👥 % Korrekt
T6 Tirana 598 Tsd.
100%
D6 Durrës 154 Tsd.
85%
S7 Shkodra 102 Tsd.
77%
K5 Kukës 36 Tsd.
69%
P8 Pogradec 46 Tsd.
69%
V5 Vlora 84 Tsd.
69%
E7 Elbasan 115 Tsd.
62%
F4 Fier 102 Tsd.
62%
G11 Gjirokastra 23 Tsd.
62%
S7 Saranda 13 Tsd.
62%
B5 Berat 62 Tsd.
54%
L5 Lezha 51 Tsd.
54%
K5 Korça 61 Tsd.
46%
K5 Kruja 51 Tsd.
38%
L7 Lushnja 63 Tsd.
38%
D5 Dibra 51 Tsd.
31%
K5 Kamza 96 Tsd.
31%
H6 Himara 8 Tsd.
23%
K6 Kavaja 30 Tsd.
23%
P6 Përmet 8 Tsd.
23%
S6 Shijak 22 Tsd.
23%
T7 Tropoja 14 Tsd.
23%
D7 Delvina 6 Tsd.
15%
H3 Has 12 Tsd.
15%
K8 Konispol 5 Tsd.
15%
M7 e M5 Malësia e Madhe 22 Tsd.
15%
P5 Peqin 17 Tsd.
15%
T8 Tepelena 7 Tsd.
15%
V4 Vora 22 Tsd
15%
B7 Bulqiza 27 Tsd.
8%
F5-A5 Fushë-Arrëz 5 Tsd.
8%
K6 Kuçova 31 Tsd.
8%
L8 Librazhd 23 Tsd.
8%
M5 Maliq 31 Tsd.
8%
P9 Përrenjas 19 Tsd.
8%
P4 Puka 6 Tsd
8%
P6 Pustec 2 Tsd.
8%
S7 Skrapar 11 Tsd.
8%
B5 Belsh 17 Tsd.
0%
C6 Cërrik 25 Tsd.
0%
D6 Devoll 26 Tsd.
0%
D5 Dimal 28 Tsd.
0%
D7 Divjaka 25 Tsd.
0%
D7 Dropull 8 Tsd.
0%
F5 Finiq 11 Tsd.
0%
G6 Gramsh 17 Tsd.
0%
K7 Këlcyra 4 Tsd.
0%
K4 Klos 12 Tsd.
0%
K7 Kolonja 7 Tsd.
0%
K6 Kurbin 34 Tsd.
0%
L8 Libohova 3 Tsd.
0%
M11 Mallakastra 16 Tsd.
0%
M3 Mat 17 Tsd.
0%
M8 Memaliaj 7 Tsd.
0%
M7 Mirdita 14 Tsd.
0%
P5 Patos 18 Tsd.
0%
P7 Poliçan 9 Tsd.
0%
R8 Roskovec 16 Tsd.
0%
R10 Rrogozhina 13 Tsd.
0%
S8 Selenica 10 Tsd.
0%
V3-D4 Vau-Deja 19 Tsd
0%
Keine übereinstimmenden Quizze gefunden
Verteilung der Resultate
Anzahl Personen mit jedem Resultat
Perzentil nach korrekt beantworteten Fragen
Ihre Resultats-Entwicklung
Sie haben dieses Quiz noch nicht gespielt